Normal view
MARC view
- Donato, Esther
Entry Nombre Personal
001 - NUMERO DE CONTROL
- campo de control: 47879
003 - IDENTIFICADOR DE NUMERO DE CONTROL
- campo de control: DLC
005 - FECHA Y HORA DE LA ÜLTIMA TRANSACCIÓN
- campo de control: 20230222120843.0
008 - DATOS DE LONGITUD FIJA
- campo de control de longitud fija: 110824n| acannaabn |n aaa c
010 ## - NÚMERO DE CONTROL DE LA BIBLIOTECA DEL CONGRESO
- Número de control LC: ns2011000638
035 ## - NUMERO DE CONTROL
- Número de control: (CaEvSKY)skya9671554
040 ## - FUENTE DE CATALOGACIÓN
- Agencia original de catalogación: MX-SlUA
- Lenguaje de catalogación: spa
- Agencia de transcripción: MX-SlUA
- Agencia que lo modifica: MX-MxUPN
100 1# - ENCABEZAMIENTO - NOMBRE PERSONAL
- Nombre personal: Donato, Esther
670 ## - FUENTE EN LA QUE SE LOCALIZARON DATOS
- Cita de la fuente: Los regalos de Eykis, c1987:
- Información localizada: portada (tr. Esther Donato)
670 ## - FUENTE EN LA QUE SE LOCALIZARON DATOS
- Cita de la fuente: Autobiografía, 2016:
- Información localizada: portada (Esther Donato)
902 ## - CATALOGADOR
- Catalogador: VíctorGodínez/220223
